Matthew (Record no. 26388)
[ view plain ]
| 000 -LEADER | |
|---|---|
| fixed length control field | 00392nam a2200181Ia 4500 |
| 003 - CONTROL NUMBER IDENTIFIER | |
| control field | 0100 |
| 008 - FIXED-LENGTH DATA ELEMENTS--GENERAL INFORMATION | |
| fixed length control field | 130303s9999 xx 000 0 und d |
| 040 ## - CATALOGING SOURCE | |
| Transcribing agency | ARRUPELIB |
| 050 ## - LIBRARY OF CONGRESS CALL NUMBER | |
| Classification number | BS2575.3.M4 |
| 100 ## - MAIN ENTRY--PERSONAL NAME | |
| Personal name | Meier, John P |
| 245 ## - TITLE STATEMENT | |
| Title | Matthew |
| 260 ## - PUBLICATION, DISTRIBUTION, ETC. (IMPRINT) | |
| Place of publication, distribution, etc | Wilmington Del. |
| 260 ## - PUBLICATION, DISTRIBUTION, ETC. (IMPRINT) | |
| Name of publisher, distributor, etc | Glazier |
| 260 ## - PUBLICATION, DISTRIBUTION, ETC. (IMPRINT) | |
| -- | 1980 |
| 300 ## - PHYSICAL DESCRIPTION | |
| Extent | 377p |
| 440 ## - SERIES STATEMENT/ADDED ENTRY--TITLE | |
| Title | New Testament Message, v.3 |
| 942 00 - ADDED ENTRY ELEMENTS (KOHA) | |
| Koha issues (borrowed), all copies | 1 |
| Withdrawn status | Lost status | Source of classification or shelving scheme | Damaged status | Not for loan | Collection code | Home library | Current library | Date acquired | Total Checkouts | Full call number | Barcode | Date last seen | Copy number | Price effective from | Koha item type | Shelving location | Date checked out |
|---|---|---|---|---|---|---|---|---|---|---|---|---|---|---|---|---|---|
| Library of Congress Classification | Main Collection | ARRUPE LIBRARY | ARRUPE LIBRARY | 04/03/2013 | BS2575.3.M4 | 46500009279 | 01/08/2016 | 2 | 04/03/2013 | Monograph ( Printed materials) | |||||||
| Library of Congress Classification | Main Collection | ARRUPE LIBRARY | ARRUPE LIBRARY | 04/03/2013 | 2 | BS2575.3.M4 | 46003020726 | 06/09/2017 | 3 | 04/03/2013 | Monograph ( Printed materials) | 28/08/2017 | |||||
| Library of Congress Classification | ARRUPE LIBRARY | ARRUPE LIBRARY | 02/11/2023 | 4 | BS2575.3.M4 | 46003020718 | 23/11/2023 | 02/11/2023 | Monograph ( Printed materials) | 09/11/2023 | |||||||
| Library of Congress Classification | ARRUPE LIBRARY | ARRUPE LIBRARY | 02/11/2023 | BS2575.3.M4 | 02/11/2023 | 02/11/2023 | Monograph ( Printed materials) |